000 00195nam a2200085 4500
001 1254192
005 20251105090504.0
245 _aBEKLENMEYEN MİSAFİR
_cAGATHA CHRISTIE
260 _bALTIN KİTAPLAR
999 _c1254192
_d1254192